00389nam a22001337a 4500082001200000100001800012245002100030260003000051300001000081650002200091942000700113952011800120999001700238 a823 REI aReik, Theoder aOf Love And Lust aU.S.AbBantam Booksc1967 a548 P aEnglish - Fiction cBK 00104070aHMIbHMIcGENd2015-09-23eDr Andreas D'Souzag0.00l0o823 REIp11-2538r2015-09-23w2015-09-23yGSB c19790d19790